Biographisches Lexikon zur Geschichte der böhmischen Länder. Band IV, Lieferung 3, Sokol-Stefani (2008) / herausgegeben von Ferdinand Seibt, Hans Lamberg, Helmut Slapnicka
Record details
- ISBN: 978-3-486-57952-9
- Physical Description: 161-240 s.
- Publisher: München : Oldenbourg, 2008
Content descriptions
| General Note: | Název z obálky Bibliogr. |
Available copies
- 1 of 1 copy available at Common Catalog SPOK.
Holds
- 0 current holds with 1 total copy.
Show Only Available Copies
| Location | Call Number / Copy Notes | Barcode | Shelving Location | Status | Due Date |
|---|---|---|---|---|---|
| Terezin Initiative Institute | 5575 | 4594305575 | Knihovna ITI | Available | - |
| LDR | 00944nam a2200265 a 4500 | ||
|---|---|---|---|
| 001 | 27887 | ||
| 003 | CZ-PrJAB | ||
| 005 | 20230209090236.0 | ||
| 008 | 991006s2008 gw gr ||| 0|ger d | ||
| 020 | . | ‡a978-3-486-57952-9 | |
| 035 | . | ‡a(CONS)2709 | |
| 035 | . | ‡a(CZ PrSKC)000621725 | |
| 040 | . | ‡aABA001 ‡bcze ‡dABB083 | |
| 080 | . | ‡a94(437.3) ‡2MRF | |
| 080 | . | ‡a(031)929 ‡2MRF | |
| 100 | 1 | . | ‡aSeibt, Ferdinand, ‡d1927-2003 ‡7jn19990007420 ‡4com |
| 245 | 1 | 0. | ‡aBiographisches Lexikon zur Geschichte der böhmischen Länder. ‡nBand IV, ‡pLieferung 3, ‡pSokol-Stefani (2008) / ‡cherausgegeben von Ferdinand Seibt, Hans Lamberg, Helmut Slapnicka |
| 260 | . | ‡aMünchen : ‡bOldenbourg, ‡c2008 | |
| 300 | . | ‡a161-240 s. | |
| 500 | . | ‡aNázev z obálky | |
| 500 | . | ‡aBibliogr. | |
| 700 | 1 | . | ‡aSlapnicka, Helmut ‡7xx0008808 ‡4com |
| 700 | 1 | . | ‡aLemberg, Hans, ‡d1933-2009 ‡7jn20000603714 ‡4com |
| 852 | 4 | . | ‡bJACH-ITI ‡bJACH-ITI ‡cKnihovna ITI ‡j5575 ‡p5575 ‡y$0.00 |
| 910 | . | ‡aABE340 ‡b5575 | |
| 995 | . | ‡askok | |
| 901 | . | ‡a27887 ‡bUnknown ‡c27887 ‡tbiblio | |